| 000 | 00519cam a2200205ua 4500 | ||
|---|---|---|---|
| 001 | 4366 | ||
| 005 | 20260515113824.0 | ||
| 008 | 190810n ii |||gr||||Z||||||asm | ||
| 040 | _cMAIN | ||
| 041 | _aasm | ||
| 082 | _a398.054162 | ||
| 100 | _aGoswami, Kesavananda Dev, | ||
| 245 |
_aSatra sanskritir ruprekha _cby Kesavananda Dev Goswami |
||
| 250 | _a2nd. | ||
| 260 |
_aDibrugarh: _bDibrugarh,986. |
||
| 300 |
_a118p: _c23cm. |
||
| 653 | _aAssamese culture | ||
| 653 | _aSatira samskritir rup-rekha | ||
| 942 | _cBK | ||
| 999 |
_c4177 _d4177 |
||